[Event "TUR-chT 1st League"]
[Site "Konya"]
[Date "2017.07.22"]
[Round "8.11"]
[White "Laciner, Kerem"]
[Black "Jurcik, Marian"]
[Result "0-1"]
[WhiteElo "2271"]
[BlackElo "2491"]
[PlyCount "42"]
[EventDate "2017.07.17"]
[EventType "team-swiss"]
[EventRounds "9"]
[EventCountry "TUR"]
[SourceTitle "CBM 179 Extra"]
[Source "ChessBase"]
[SourceDate "2017.08.23"]
[SourceVersion "1"]
[SourceVersionDate "2017.08.23"]
[SourceQuality "1"]
[WhiteTeam "Antalya Olbia"]
[BlackTeam "Manisa Salihli Sardes"]
[WhiteTeamCountry "TUR"]
[BlackTeamCountry "TUR"]

1. d4 Nf6 2. c4 g6 3. Nc3 Bg7 4. e4 d6 5. f4 0-0 6. Nf3 a6 7. e5 Nfd7 8. h4 c5 9. d5 dxe5 10. h5 e4 11. Nxe4 Nf6 12. Nxf6+ exf6 13. Bd3 Re8+ 14. Kf1 f5 15. Bd2 Nd7 16. g3 b5 17. b3 Nf6 18. Ne5 Nxd5 19. cxd5 Qxd5 20. Kg1 Bb7 21. Rh2 Rxe5 0-1

[Event "TUR-chT 1st League"]
[Site "Konya"]
[Date "2017.07.20"]
[Round "5.12"]
[White "Laciner, Kerem"]
[Black "Yeke, Serkan"]
[Result "0-1"]
[WhiteElo "2271"]
[BlackElo "2100"]
[PlyCount "98"]
[EventDate "2017.07.17"]
[EventType "team-swiss"]
[EventRounds "9"]
[EventCountry "TUR"]
[SourceTitle "CBM 179 Extra"]
[Source "ChessBase"]
[SourceDate "2017.08.23"]
[SourceVersion "1"]
[SourceVersionDate "2017.08.23"]
[SourceQuality "1"]
[WhiteTeam "Antalya Olbia"]
[BlackTeam "Yalova Belediye"]
[WhiteTeamCountry "TUR"]
[BlackTeamCountry "TUR"]

1. d4 f5 2. g3 Nf6 3. Bg2 e6 4. Nd2 d5 5. c4 c6 6. Nh3 Bd6 7. 0-0 0-0 8. Nf4 Qe7 9. Nd3 b6 10. Qc2 Bb7 11. Nf3 Nbd7 12. Bf4 c5 13. Rac1 Rfc8 14. Qa4 a6 15. cxd5 Bxd5 16. Bxd6 Qxd6 17. Qa3 Ne4 18. dxc5 bxc5 19. Nf4 Ndf6 20. Rfd1 Qb6 21. Nd2 Rab8 22. Nxe4 fxe4 23. b3 a5 24. Bh3 Rc6 25. Rc2 Qa7 26. Qb2 a4 27. Qe5 Re8 28. bxa4 c4 29. Rc3 Qxa4 30. Ra1 Qa7 31. a3 Qb8 32. Qxb8 Rxb8 33. Kf1 g5 34. Nxd5 exd5 35. e3 g4 36. Bg2 Kf7 37. Ke1 Nd7 38. h3 h5 39. hxg4 hxg4 40. Kd2 Rf6 41. Rf1 Nc5 42. Rc2 Rb3 43. Rc3 Rb8 44. Rc2 Ke6 45. Ke2 Rb3 46. Ra2 Na4 47. Kd2 Ke5 48. Kc2 Rfb6 49. Kc1 Nc3 0-1

[Event "TUR-chT 1st League"]
[Site "Konya"]
[Date "2017.07.19"]
[Round "4.9"]
[White "Cernousek, Lukas"]
[Black "Laciner, Kerem"]
[Result "1-0"]
[WhiteElo "2453"]
[BlackElo "2271"]
[PlyCount "79"]
[EventDate "2017.07.17"]
[EventType "team-swiss"]
[EventRounds "9"]
[EventCountry "TUR"]
[SourceTitle "CBM 179 Extra"]
[Source "ChessBase"]
[SourceDate "2017.08.23"]
[SourceVersion "1"]
[SourceVersionDate "2017.08.23"]
[SourceQuality "1"]
[WhiteTeam "Ordu Buyuksehir Belediye"]
[BlackTeam "Antalya Olbia"]
[WhiteTeamCountry "TUR"]
[BlackTeamCountry "TUR"]

1. d4 Nf6 2. c4 g6 3. g3 Bg7 4. Bg2 d5 5. cxd5 Nxd5 6. Nf3 0-0 7. 0-0 Nc6 8. Nc3 Nb6 9. e3 Re8 10. a3 e5 11. d5 Na5 12. Qc2 c6 13. b4 Nac4 14. dxc6 bxc6 15. Ne4 a5 16. Nfd2 Nxd2 17. Bxd2 Ba6 18. Rfc1 Bd3 19. Qa2 axb4 20. Bxb4 Nd5 21. Bc5 Bxe4 22. Bxe4 f5 23. Bd6 Qxd6 24. Rxc6 Qd7 25. Qxd5+ Qxd5 26. Bxd5+ Kh8 27. Rc7 Ra5 28. Bc6 Rd8 29. Rb1 Rxa3 30. Rbb7 Rc3 31. Rxg7 Rxc6 32. Rxh7+ Kg8 33. Kg2 Rf6 34. Kh3 f4 35. Kg4 fxe3 36. fxe3 Re8 37. e4 Rd6 38. Kg5 Rc6 39. Kh6 g5+ 40. Kxg5 1-0

[Event "TUR-chT"]
[Site "Konya"]
[Date "2012.07.21"]
[Round "12"]
[White "Laciner, Kerem"]
[Black "Citak, Selim"]
[Result "1/2-1/2"]
[WhiteElo "2297"]
[BlackElo "2357"]
[PlyCount "126"]
[EventDate "2012.07.11"]
[EventType "team-tourn"]
[EventRounds "13"]
[EventCountry "TUR"]
[SourceTitle "CBM 149 Extra"]
[Source "ChessBase"]
[SourceDate "2012.08.24"]
[SourceVersion "1"]
[SourceVersionDate "2012.08.24"]
[SourceQuality "1"]
[WhiteTeam "Antalya Calli"]
[BlackTeam "Besiktas Jimnastik"]
[WhiteTeamCountry "TUR"]
[BlackTeamCountry "TUR"]

1. d4 Nf6 2. c4 g6 3. Nc3 d5 4. cxd5 Nxd5 5. e4 Nxc3 6. bxc3 Bg7 7. Bc4 c5 8. Ne2 0-0 9. 0-0 Nc6 10. Be3 Qc7 11. Rc1 Rd8 12. Bf4 Be5 13. Bxe5 Nxe5 14. Bb3 Ng4 15. Ng3 Qf4 16. h3 Ne5 17. Bd5 Nc6 18. Bxc6 bxc6 19. Qa4 cxd4 20. cxd4 Be6 21. Rfd1 h5 22. Rc3 h4 23. Rf3 Qb8 24. Ne2 Qb2 25. Nc3 a5 26. d5 cxd5 27. exd5 Bf5 28. Qxh4 Rdc8 29. Qg3 Ra7 30. Re1 Rac7 31. Ree3 Qc2 32. Kh2 e6 33. dxe6 Bxe6 34. Re2 Qc1 35. Ree3 Rc6 36. Qe5 Qb2 37. a4 Qb8 38. Qxb8 Rxb8 39. Re5 Ra8 40. Ne4 Bf5 41. g4 Bxe4 42. Rxe4 Ra7 43. Rb3 Rc5 44. Kg3 Kg7 45. f3 g5 46. Rd4 Rac7 47. h4 Rc3 48. Rxc3 gxh4+ 49. Kxh4 Rxc3 50. f4 Rb3 51. f5 Rb4 52. Rd6 Rxa4 53. Kg5 f6+ 54. Kh5 Rf4 55. Ra6 a4 56. Ra7+ Kg8 57. Ra5 Kf7 58. Ra7+ Kg8 59. Kg6 Rxg4+ 60. Kxf6 Rf4 61. Ra8+ Kh7 62. Ke6 Kg7 63. Ra7+ Kf8 1/2-1/2

[Event "TUR-chT"]
[Site "Konya"]
[Date "2012.07.19"]
[Round "10"]
[White "Laciner, Kerem"]
[Black "Atalik, Ekaterina"]
[Result "0-1"]
[WhiteElo "2297"]
[BlackElo "2448"]
[PlyCount "106"]
[EventDate "2012.07.11"]
[EventType "team-tourn"]
[EventRounds "13"]
[EventCountry "TUR"]
[SourceTitle "CBM 149 Extra"]
[Source "ChessBase"]
[SourceDate "2012.08.24"]
[SourceVersion "1"]
[SourceVersionDate "2012.08.24"]
[SourceQuality "1"]
[WhiteTeam "Antalya Calli"]
[BlackTeam "Istanbul Aquamatch"]
[WhiteTeamCountry "TUR"]
[BlackTeamCountry "TUR"]

1. d4 Nf6 2. c4 e6 3. Nc3 Bb4 4. e3 0-0 5. Bd3 d5 6. cxd5 exd5 7. Nge2 Re8 8. Bd2 Bf8 9. 0-0 b6 10. Rc1 Bb7 11. Nf4 c5 12. dxc5 bxc5 13. Qf3 Nbd7 14. Qh3 Ne5 15. Bb5 Bc8 16. Qg3 Bd7 17. Bxd7 Qxd7 18. Rfd1 Qb7 19. Be1 Rad8 20. b3 d4 21. Na4 Ne4 22. Qh3 d3 23. Bc3 Nxc3 24. Nxc3 c4 25. bxc4 d2 26. Rb1 Qc6 27. Ncd5 Nxc4 28. Qf3 Ne5 29. Qe4 f5 30. Qxf5 Rxd5 31. Nxd5 Qxd5 32. Qc2 Rd8 33. Rb2 Nc4 34. Rb3 a5 35. Rc3 Na3 36. Qb2 Nb5 37. Rc2 Bb4 38. h4 Qd3 39. a3 Qxa3 40. Qe5 Qb3 41. Rdxd2 Qb1+ 42. Kh2 Bd6 43. Rxd6 Nxd6 44. Qxa5 Nf7 45. Rc7 Qe4 46. f4 Rf8 47. Qc3 Qe6 48. Kg3 h5 49. Kf2 Qg4 50. g3 Nd6 51. Qb3+ Kh7 52. Qd5 Rb8 53. Rc2 Qg6 0-1

[Event "TUR-chT"]
[Site "Konya"]
[Date "2012.07.12"]
[Round "2"]
[White "Laciner, Kerem"]
[Black "Ertan, Can"]
[Result "0-1"]
[WhiteElo "2297"]
[BlackElo "2256"]
[PlyCount "88"]
[EventDate "2012.07.11"]
[EventType "team-tourn"]
[EventRounds "13"]
[EventCountry "TUR"]
[SourceTitle "CBM 149 Extra"]
[Source "ChessBase"]
[SourceDate "2012.08.24"]
[SourceVersion "1"]
[SourceVersionDate "2012.08.24"]
[SourceQuality "1"]
[WhiteTeam "Antalya Calli"]
[BlackTeam "Ceyhan Belediye"]
[WhiteTeamCountry "TUR"]
[BlackTeamCountry "TUR"]

1. d4 Nf6 2. c4 e6 3. Nc3 Bb4 4. e3 0-0 5. Bd3 d5 6. a3 Bxc3+ 7. bxc3 dxc4 8. Bxc4 c5 9. Nf3 Qc7 10. Ba2 b5 11. 0-0 Nbd7 12. a4 a6 13. c4 Bb7 14. h3 Rfd8 15. Qe2 cxd4 16. Nxd4 e5 17. Nf5 Nc5 18. Ba3 Be4 19. Bb1 Nxa4 20. Be7 Nc3 21. Qb2 Nxb1 22. Rfxb1 Bxf5 23. Bxd8 Rxd8 24. Rd1 Rxd1+ 25. Rxd1 Bd7 26. cxb5 axb5 27. Rc1 Qd6 28. Ra1 Bc6 29. Ra6 Qd5 30. f3 Qc5 31. Kh2 h6 32. e4 Bd7 33. Qd2 Be6 34. Ra8+ Kh7 35. Rb8 Nd7 36. Re8 Qd4 37. Qa5 Nf6 38. Rd8 Qb2 39. Qa8 Nh5 40. Qa5 b4 41. Rd1 Nf4 42. Rg1 Bxh3 43. Qa1 Qf2 44. Qxe5 Ne2 0-1

[Event "TUR-chT2"]
[Site "Konya"]
[Date "2011.07.08"]
[Round "7"]
[White "Ertan, Can"]
[Black "Laciner, Kerem"]
[Result "1/2-1/2"]
[WhiteElo "2201"]
[BlackElo "2307"]
[PlyCount "96"]
[EventDate "2011.07.04"]
[EventType "team-swiss"]
[EventRounds "9"]
[EventCountry "TUR"]
[SourceTitle "CBM 143 Extra"]
[Source "ChessBase"]
[SourceDate "2011.08.29"]
[SourceVersion "1"]
[SourceVersionDate "2011.08.29"]
[SourceQuality "1"]
[WhiteTeam "Adana Ceyhan Belediye"]
[BlackTeam "Antalya Calli"]
[WhiteTeamCountry "TUR"]
[BlackTeamCountry "TUR"]

1. e4 c5 2. Nf3 d6 3. c3 Nf6 4. Bd3 Nc6 5. Bc2 g6 6. 0-0 Bg7 7. d4 cxd4 8. Nxd4 0-0 9. h3 Nd7 10. Be3 Nb6 11. Qe2 Bd7 12. f4 Rc8 13. Nxc6 Bxc6 14. Nd2 Qc7 15. Qf2 Bb5 16. Rfe1 Nd7 17. a4 Bc6 18. a5 a6 19. Nc4 d5 20. Nb6 Nxb6 21. Bxb6 Qd7 22. Rad1 e6 23. f5 Rfe8 24. f6 Bf8 25. c4 Qd6 26. exd5 exd5 27. Rxe8 Rxe8 28. cxd5 Bb5 29. Qd4 Re2 30. Bd3 Bxd3 31. Qxd3 Rxb2 32. Qc3 Re2 33. Bc7 Qd7 34. d6 h5 35. Qf3 Re6 36. Qf4 Kh7 37. g4 Bh6 38. g5 Bf8 39. Qf3 Bxd6 40. Bxd6 Rxd6 41. Rxd6 Qxd6 42. Qxb7 Qg3+ 43. Kf1 Qxh3+ 44. Kf2 Qf5+ 45. Ke2 Qe6+ 46. Kf3 h4 47. Qe7 Qd5+ 48. Kf2 Qd4+ 1/2-1/2

[Event "TUR-chT2"]
[Site "Konya"]
[Date "2011.07.04"]
[Round "1"]
[White "Kelebek, Emre"]
[Black "Laciner, Kerem"]
[Result "0-1"]
[WhiteElo "1946"]
[BlackElo "2307"]
[PlyCount "70"]
[EventDate "2011.07.04"]
[EventType "team-swiss"]
[EventRounds "9"]
[EventCountry "TUR"]
[SourceTitle "CBM 143 Extra"]
[Source "ChessBase"]
[SourceDate "2011.08.29"]
[SourceVersion "1"]
[SourceVersionDate "2011.08.29"]
[SourceQuality "1"]
[WhiteTeam "Karaman Belediye"]
[BlackTeam "Antalya Calli"]
[WhiteTeamCountry "TUR"]
[BlackTeamCountry "TUR"]

1. e4 c5 2. Nf3 d6 3. d4 cxd4 4. Nxd4 Nf6 5. Nc3 a6 6. Be2 e6 7. f4 Be7 8. Qd3 Nbd7 9. Bf3 Qc7 10. Be3 0-0 11. Nb3 Rd8 12. 0-0-0 Nb6 13. Kb1 Nc4 14. Bc1 b5 15. g4 Bb7 16. g5 Nd7 17. h4 Rac8 18. Rdg1 b4 19. Nd1 Nde5 20. fxe5 Nxe5 21. Qe2 Nxf3 22. Rg2 Ne5 23. h5 Qc4 24. Na5 Qxe2 25. Rxe2 Ba8 26. Nf2 Nf3 27. g6 f5 28. gxh7+ Kxh7 29. h6 g5 30. exf5 Nd4 31. Rhe1 e5 32. Re4 Nxc2 33. f6 Bxf6 34. Rf1 Rf8 35. Ng4 Bxe4 0-1

[Event "Budapest FS08 IM-A"]
[Site "Budapest"]
[Date "2005.08.15"]
[Round "10"]
[White "Hoang, Thi Bao Tram"]
[Black "Laciner, Kerem"]
[Result "1-0"]
[WhiteElo "2267"]
[BlackElo "2179"]
[PlyCount "57"]
[EventDate "2005.08.06"]
[EventType "tourn"]
[EventRounds "11"]
[EventCountry "HUN"]
[EventCategory "2"]
[SourceTitle "CBM 107 Extra"]
[Source "ChessBase"]
[SourceDate "2005.09.01"]
[SourceVersion "1"]
[SourceVersionDate "2005.09.01"]
[SourceQuality "1"]

1. e4 c5 2. Nf3 d6 3. d4 cxd4 4. Nxd4 Nf6 5. Nc3 a6 6. Be2 e6 7. g4 h6 8. h4 b5 9. Bf3 e5 10. Nf5 b4 11. Nd5 Nxd5 12. Qxd5 Ra7 13. Be3 Be6 14. Qd2 Rd7 15. Rd1 h5 16. Qxb4 hxg4 17. Bxg4 g6 18. Bb6 d5 19. Ng7+ Bxg7 20. Bxd8 Bxg4 21. Bg5 Nc6 22. Qc5 f6 23. Rxd5 Nd4 24. Be3 Rxd5 25. exd5 Nf3+ 26. Kf1 g5 27. Qb4 f5 28. Bc5 Kf7 29. Qb7+ 1-0

[Event "Budapest FS06 IM"]
[Site "Budapest"]
[Date "2005.06.06"]
[Round "3"]
[White "Lettieri, Giuseppe"]
[Black "Laciner, Kerem"]
[Result "0-1"]
[WhiteElo "2246"]
[BlackElo "2174"]
[PlyCount "78"]
[EventDate "2005.06.04"]
[EventType "tourn"]
[EventRounds "13"]
[EventCountry "HUN"]
[SourceTitle "CBM 106 Extra"]
[Source "ChessBase"]
[SourceDate "2005.07.01"]
[SourceVersion "1"]
[SourceVersionDate "2005.07.01"]
[SourceQuality "1"]

1. e4 Nf6 2. e5 Nd5 3. c4 Nb6 4. c5 Nd5 5. Nc3 Nxc3 6. dxc3 Nc6 7. Nf3 e6 8. Be3 b6 9. Bb5 Bb7 10. cxb6 axb6 11. 0-0 Be7 12. Qc2 0-0 13. Rfd1 d5 14. Bd3 h6 15. Qd2 f5 16. exf6 Bxf6 17. Bc2 e5 18. Qxd5+ Qxd5 19. Rxd5 Nd4 20. Be4 Nc2 21. Rc1 Nxe3 22. fxe3 Rxa2 23. Rxe5 Bxe4 24. Rxe4 Rxb2 25. Rc4 Ra8 26. Rxc7 Raa2 27. Ne1 Bg5 28. Rd1 Bxe3+ 29. Kh1 Rf2 30. Nf3 Rxg2 31. Rc8+ Kh7 32. Rf8 Rgc2 33. Rf7 Bc5 34. h3 Rxc3 35. Re1 Rf2 36. Rg1 Bd4 37. Ng5+ hxg5 38. Rxf2 Bxf2 39. Rxg5 Bd4 0-1

[Event "Saraybahce GP"]
[Site "Kocaeli"]
[Date "2002.08.19"]
[Round "3"]
[White "Gaprindashvili, Valeriane"]
[Black "Laciner, Kerem"]
[Result "1-0"]
[WhiteElo "2471"]
[BlackElo "2220"]
[PlyCount "85"]
[EventDate "2002.08.17"]
[EventType "swiss"]
[EventRounds "9"]
[EventCountry "TUR"]
[SourceTitle "CBM 089 Extra"]
[Source "ChessBase"]
[SourceDate "2002.09.10"]
[SourceVersion "2"]
[SourceVersionDate "2002.09.10"]
[SourceQuality "1"]

1. d4 Nf6 2. c4 g6 3. g3 c6 4. Nf3 d5 5. cxd5 cxd5 6. Nc3 Bg7 7. Bg2 0-0 8. Ne5 e6 9. 0-0 Nfd7 10. f4 Nc6 11. e3 f6 12. Nd3 f5 13. Ne5 Ndxe5 14. dxe5 a6 15. b3 Bd7 16. Qd2 Kh8 17. Ba3 Re8 18. Rfd1 Na7 19. Ne2 Rc8 20. Nd4 Nb5 21. Bb2 Nxd4 22. Bxd4 Kg8 23. Bf3 Qe7 24. Rdc1 Bf8 25. g4 Rxc1+ 26. Rxc1 Rc8 27. Rd1 Be8 28. Kh1 h6 29. Rg1 Kh7 30. Qg2 Bf7 31. gxf5 gxf5 32. Bh5 Qe8 33. Bb2 Rc6 34. Ba3 Kh8 35. Bb4 Rc8 36. a4 b6 37. Bxf7 Qxf7 38. Bxf8 Qxf8 39. Qg6 Rc6 40. b4 b5 41. a5 Rc3 42. Qxe6 Rxe3 43. Rc1 1-0

[Event "EU-ch U20"]
[Site "Baku"]
[Date "2002.07.16"]
[Round "3"]
[White "Aliev, Chingiz"]
[Black "Laciner, Kerem"]
[Result "1/2-1/2"]
[WhiteElo "2213"]
[BlackElo "2220"]
[PlyCount "62"]
[EventDate "2002.07.14"]
[EventType "swiss"]
[EventRounds "11"]
[EventCountry "AZE"]
[SourceTitle "CBM 089 Extra"]
[Source "ChessBase"]
[SourceDate "2002.09.10"]
[SourceVersion "2"]
[SourceVersionDate "2002.09.10"]
[SourceQuality "1"]

1. d4 Nf6 2. Nf3 g6 3. Bg5 Bg7 4. Nbd2 d5 5. e3 0-0 6. Bd3 Nbd7 7. 0-0 c5 8. c3 b6 9. b4 Re8 10. bxc5 bxc5 11. e4 cxd4 12. cxd4 dxe4 13. Nxe4 Bb7 14. Nc5 Nxc5 15. dxc5 Qd5 16. Rc1 Red8 17. Bxf6 Bxf6 18. Bc4 Qxd1 19. Rfxd1 Rxd1+ 20. Rxd1 Rc8 21. Rc1 e6 22. Bb5 Bc6 23. Bxc6 Rxc6 24. Ne1 Bd4 25. Nd3 e5 26. Rc4 Kf8 27. Kf1 Ke7 28. f4 f6 29. Ke2 Ke6 30. fxe5 fxe5 31. Ra4 Bxc5 1/2-1/2

[Event "EU-ch U20"]
[Site "Baku"]
[Date "2002.07.??"]
[Round "11"]
[White "Cernousek, Lukas"]
[Black "Laciner, Kerem"]
[Result "1-0"]
[WhiteElo "2294"]
[BlackElo "2220"]
[PlyCount "51"]
[EventDate "2002.07.14"]
[EventType "swiss"]
[EventRounds "11"]
[EventCountry "AZE"]
[SourceTitle "CBM 089 Extra"]
[Source "ChessBase"]
[SourceDate "2002.09.10"]
[SourceVersion "2"]
[SourceVersionDate "2002.09.10"]
[SourceQuality "1"]

1. b4 c6 2. Bb2 a5 3. a3 Qb6 4. c4 axb4 5. c5 Qc7 6. axb4 Rxa1 7. Bxa1 b6 8. e3 Ba6 9. Bxa6 Nxa6 10. Qa4 Qb7 11. cxb6 Qxb6 12. Nf3 e6 13. 0-0 Nf6 14. Na3 Bxb4 15. Bd4 Qb7 16. Ra1 Be7 17. Nc4 Nc7 18. Qa7 Qxa7 19. Rxa7 Nb5 20. Ra8+ Bd8 21. Bb6 Ke7 22. Rb8 Re8 23. Bc5+ d6 24. Rb7+ Nd7 25. Nxd6 Nxd6 26. Ne5 1-0

[Event "TUR-ch U20"]
[Site "Kocaeli"]
[Date "2002.05.18"]
[Round "7"]
[White "Laciner, Kerem"]
[Black "Ataman, Alper Efe"]
[Result "1-0"]
[WhiteElo "2194"]
[BlackElo "2191"]
[PlyCount "69"]
[EventDate "2002.05.14"]
[EventType "tourn"]
[EventRounds "11"]
[EventCountry "TUR"]
[SourceTitle "CBM 088 Extra"]
[Source "ChessBase"]
[SourceDate "2002.07.01"]
[SourceVersion "2"]
[SourceVersionDate "2002.07.01"]
[SourceQuality "1"]

1. d4 Nf6 2. Nf3 g6 3. c4 Bg7 4. Nc3 0-0 5. g3 d6 6. Bg2 Nbd7 7. 0-0 e5 8. e4 exd4 9. Nxd4 Re8 10. h3 Nc5 11. Re1 a5 12. Qc2 Bd7 13. Be3 Qc8 14. Kh2 Re5 15. f3 Rh5 16. h4 h6 17. Bf2 c6 18. Rad1 Re5 19. Nde2 g5 20. hxg5 Rxg5 21. Rxd6 Ne6 22. Red1 Bf8 23. R6d2 Ng7 24. Na4 Ra6 25. Nb6 Rxb6 26. Bxb6 c5 27. Bxa5 Ngh5 28. Bc3 Qc7 29. e5 Bf5 30. Qa4 Nh7 31. Qe8 Ng7 32. Qd8 Qc6 33. g4 Ne6 34. Qd5 Qc8 35. gxf5 1-0

[Event "TUR-ch U20"]
[Site "Kocaeli"]
[Date "2002.05.15"]
[Round "2"]
[White "Laciner, Kerem"]
[Black "Citak, Selim"]
[Result "1-0"]
[WhiteElo "2194"]
[BlackElo "2035"]
[PlyCount "59"]
[EventDate "2002.05.14"]
[EventType "tourn"]
[EventRounds "11"]
[EventCountry "TUR"]
[SourceTitle "CBM 088 Extra"]
[Source "ChessBase"]
[SourceDate "2002.07.01"]
[SourceVersion "2"]
[SourceVersionDate "2002.07.01"]
[SourceQuality "1"]

1. d4 Nf6 2. Nf3 g6 3. c4 Bg7 4. g3 0-0 5. Bg2 d5 6. cxd5 Nxd5 7. 0-0 c5 8. dxc5 Na6 9. Ng5 Ndb4 10. Nc3 Nxc5 11. Be3 Nba6 12. Rc1 e6 13. b4 Nd7 14. a3 Nc7 15. Qb3 Nb6 16. Rfd1 Qe7 17. Nge4 Nd7 18. Nd6 Nd5 19. Nxd5 exd5 20. Bxd5 Nf6 21. Bxf7+ Kh8 22. Bc4 Bh3 23. f3 Nd7 24. Nf7+ Rxf7 25. Bxf7 Ne5 26. Bd5 Re8 27. Bd4 Qg5 28. f4 Qg4 29. Bxe5 Bxe5 30. Bf3 1-0